| Tag |
First Indicator |
Second Indicator |
Subfields |
| LEADER |
00000cam a2200000Ka 4500 |
| 001 |
in00002782345 |
| 005 |
20210728124845.0 |
| 006 |
m d |
| 007 |
cr cn||||||||| |
| 008 |
120504s2011 gw o 000 0 ger d |
| 020 |
|
|
|a 3433600813 (electronic bk.)
|
| 020 |
|
|
|a 9783433600818 (electronic bk.)
|
| 035 |
|
|
|a (OCoLC)793103520
|
| 035 |
|
|
|a (OCoLC)ocn793103520
|
| 035 |
|
|
|a 3997070
|
| 037 |
|
|
|a 10.1002/9783433600818
|b Wiley InterScience
|n http://www3.interscience.wiley.com
|
| 040 |
|
|
|a DG1
|b eng
|c DG1
|d TXA
|d UtOrBLW
|
| 049 |
|
|
|a TXAM
|
| 050 |
|
4 |
|a TH6021
|b .B38 2011eb
|
| 082 |
0 |
4 |
|a 696
|2 23
|
| 245 |
0 |
0 |
|a Bauphysik Kalender 2011 /
|c Herausgegeben von Nabil A. Fouad.
|
| 250 |
|
|
|a 11. Jahr.
|
| 264 |
|
1 |
|a Berlin :
|b Ernst & Sohn,
|c [2011]
|
| 264 |
|
4 |
|c ©2011
|
| 300 |
|
|
|a 1 online resource (vi, 678 pages)
|
| 336 |
|
|
|a text
|b txt
|2 rdacontent
|
| 337 |
|
|
|a computer
|b c
|2 rdamedia
|
| 338 |
|
|
|a online resource
|b cr
|2 rdacarrier
|
| 500 |
|
|
|a Electronic resource.
|
| 505 |
0 |
|
|a Allgemeines und Regelwerke. Brandschutz im Bauordnungsrecht / Gabriele Famers -- Europaische Harmonisierung im Brandschutz / Irene Herzog, Peter Proschek -- Bauaufsichtliche Regelungen zum Verwendbarkeitsnachweis / Hans-Jorg Irmschler -- Leistungsbild und Honorierung im Brandschutz / Udo Kirchner -- Materialtechnische Grundlagen. Kunststoffe und Brandschutz / Edith Antonatus -- Brandschutzbekleidungen und -beschichtungen / Peter Proschek -- Bauphysikalische Planungs- und Nachweisverfahren. Ingenieurmethoden im Brandschutz / Ulrich Schneider, Christian Lebeda -- Numerische Simulation im Brandschutz / Matthias Munch, Hendrik C Belaschk, Rupert Klein -- Perspektiven der Evakuierungsberechnung / Michael Schreckenberg -- Brandschutz im Industriebau / Ulrich Schneider, Marita Kersken-Bradley, Hubert Kirchberger -- Grundlagen nach Eurocode 1 / Bj̲rn Kampmeier -- Brandschutzbemessung von Betonbauteilen nach Eurocode 2 / Ekkehard Richter, Bjorn Kampmeier -- Brandschutztechnische Bemessung im Stahl- und Stahlverbundbau nach Eurocode 3 und 4 / Peter Schaumann, Florian Tabeling, Thomas Kirsch -- Brandschutzbemessung von Holzbauteilen nach Eurocode 5 / Bj̲rn Kampmeier -- Sicherheitskonzept zur Brandschutzbemessung : Erprobung und Validierung im Stahl- und Stahlverbundbau / Peter Schaumann, J̲rg Sothmann, Dietmar Hosser, Cornelius Albrecht, Hans-Werner Girkes -- Konstruktive Ausbildung von Bauteilen und Bauwerken. Brandschutz in Hochh̃usern : Kommentar zur Muster-Hochhaus-Richtlinie ₆ MHHR / Gerd Gr̲ger -- Brandschutz fur Schulen und Kindergarten : Bestand und Sanierung / Sylvia Heilmann -- Brandschutz im Krankenhaus / Herbert Tsch̲pe, Axel G̃fke -- Brandschutz bei holzernen Bauteilen nach den nationalen Regeln/Brandschutzkonzepte bei holzernen Bauwerken / Michael Dehne, Dirk Kruse, Bjorn Kampmeier -- Brandschutz im Bestand / Jurgen Wesche -- Materialtechnische Tabellen. Materialtechnische Tabellen fur den Brandschutz / Ulrich Schneider, Nina Schjerve -- Materialtechnische Tabellen / Rainer Hohmann -- Stichwortverzeichnis.
|
| 588 |
|
|
|a Description based on print version record.
|
| 650 |
|
0 |
|a Buildings
|x Environmental engineering.
|0 http://id.loc.gov/authorities/subjects/sh85017778
|
| 655 |
|
7 |
|a Electronic books.
|2 local
|
| 700 |
1 |
|
|a Fouad, Nabil A.
|0 http://id.loc.gov/authorities/names/no2014128620
|
| 830 |
|
0 |
|a Wiley Online Library.
|
| 856 |
4 |
0 |
|u http://proxy.library.tamu.edu/login?url=https://dx.doi.org/10.1002/9783433600818
|z Connect to the full text of this electronic book
|t 0
|
| 948 |
|
|
|a cataloged
|b h
|c 2012/6/8
|d c
|e jlanham
|f 2:24:20 pm
|
| 994 |
|
|
|a C0
|b TXA
|
| 999 |
|
|
|a MARS
|
| 999 |
f |
f |
|s 52148623-628f-3d0e-a398-db04c3639acf
|i 7c128170-7152-3522-be9d-66c2caa9c73e
|t 0
|
| 952 |
f |
f |
|a Texas A&M University
|b College Station
|c Electronic Resources
|d Available Online
|t 0
|e TH6021 .B38 2011eb
|h Library of Congress classification
|
| 998 |
f |
f |
|a TH6021 .B38 2011eb
|t 0
|l Available Online
|